00565nam a2200181 a 45000010010000000030011000100080041000210350026000620820014000881000030001022450043001322600052001756500019002279420012002469520090002589980020003489990015003680000-8830ELIB.Books110520 1970  a(ELIB.Books)0000-8976 a270 bLat aLatourette, Kenneth Scott aThree Centuries of Advance. Volume III bGrand Rapids: Zondervan Publishing House c1970 aChurch History 2ddccBK 00102ddc4070aKBTSbKBTSd2011-05-20l0p3339r2022-01-22 00:00:00w2022-01-22yBK cbate2011-05-20 c8830d8830